Countries Closest to Skopje - 30 Second Sprint - Statistics

General Stats
  • This quiz has been taken 47 times
  • The average score is 11 of 20
Answer Stats
km country miles % Correct
32 Serbia 20
94%
107 Greece 67
89%
67 Albania 42
86%
15 Kosovo 9
86%
84 Bulgaria 52
80%
244 Croatia 152
80%
235 Bosnia and Herzegovina 146
71%
236 Romania 147
71%
128 Montenegro 79
69%
407 Turkey 253
69%
622 Slovenia 386
63%
317 Italy 197
60%
667 Moldova 414
46%
465 Hungary 289
37%
668 Ukraine 415
31%
678 Slovakia 421
29%
673 Austria 418
23%
742 Vatican City 461
23%
757 San Marino 471
14%
794 Poland 403
3%
No matching quizzes found
Score Distribution
Percent of People with Each Score
Percentile by Number Answered
Your Score History
You have not taken this quiz